000 00523pab a2200169 454500
008 180718b2013 xxu||||| |||| 00| 0 eng d
100 _aDatta, Polly
245 _aComparative analysis of operation and functioning of state finance commissions and union finance commission and the Indian federal policy
260 _c2013
300 _ap.17-49.
362 _aJan-Jun
650 _aPublic finance
700 _aGupta, Manish
773 _aJournal of Social and Economic Development
908 _aN
909 _a102704
999 _c102702
_d102702